Statistics for Countries by Minor Cities

Click here to take the quiz!

General Stats

  • This quiz has been taken 53 times
  • The average score is 20 of 24

Answer Stats

Hint Answer % Correct
BonnGermany
98%
VladivostokRussia
98%
El PasoUnited States
98%
KawasakiJapan
96%
DarwinAustralia
96%
LilleFrance
96%
UrumqiChina
94%
MeridaMexico
92%
BelemBrazil
92%
LucknowIndia
90%
BariItaly
88%
LillehammerNorway
88%
San SebastianSpain
86%
HeraklionGreece
86%
CuscoPeru
84%
ReginaCanada
84%
Chiang MaiThailand
78%
Port ElizabethSouth Africa
78%
Port SaidEgypt
76%
DammamSaudi Arabia
67%
BeershebaIsrael
67%
HueVietnam
65%
CienfuegosCuba
53%
KonyaTurkey
51%

Score Distribution

Percentile by Number Answered

Percent of People with Each Score

Your Score History

You have not taken this quiz